Вып. 3 : Разрушение и долговременные свойства металлов. Кн. 1; Физика прочности и пластичности

Бібліографічні деталі
Parent link:Физика прочности и пластичности: систематический указатель основной литературы на русском и иностранных языках. 1970-1975 гг. В 3 т./ Н. К. Давиденкова; Научно-исследовательский институт математики и механики; Ленинградский государственный университет им. А. А. Жданова; отв. ред. В. А. Лихачев. Вып. 3 : Разрушение и долговременные свойства металлов. Кн. 1.— , 1981-1983
Мова:Російська
Опубліковано: 1983
Предмети:
Формат: Книга
KOHA link:https://koha.lib.tpu.ru/cgi-bin/koha/opac-detail.pl?biblionumber=302414

MARC

LEADER 00000nam2a2200000 4500
001 302414
005 20231102001512.0
020 |a RU  |b 83-21722 
035 |a (RuTPU)RU\TPU\book\327621 
035 |a RU\TPU\book\101374 
090 |a 302414 
100 |a 20150821d1983 k y0rusy5003 ca 
101 0 |a rus 
102 |a RU 
105 |a y a 000zy 
200 0 |a Вып. 3 : Разрушение и долговременные свойства металлов. Кн. 1 
210 |d 1983 
215 |a 428 с. 
305 |a Издание выходит с 1981 г. 
461 1 |0 (RuTPU)RU\TPU\book\102302  |t Физика прочности и пластичности  |o систематический указатель основной литературы на русском и иностранных языках. 1970-1975 гг. В 3 т.  |f Н. К. Давиденкова  |g Научно-исследовательский институт математики и механики; Ленинградский государственный университет им. А. А. Жданова; отв. ред. В. А. Лихачев  |v Вып. 3 : Разрушение и долговременные свойства металлов. Кн. 1  |d 1981-1983 
606 1 |a Библиографические пособия  |x По физике  |2 stltpush  |3 (RuTPU)RU\TPU\subj\28555  |9 52073 
606 1 |a Металлы  |x Деформация высокоскоростная  |2 stltpush  |3 (RuTPU)RU\TPU\subj\43215  |9 62765 
610 1 |a физика 
610 1 |a теория 
610 1 |a долговременные свойства 
610 1 |a разрушение 
610 1 |a пластичность 
610 1 |a вязкое разрушение 
610 1 |a хрупкое разрушение 
610 1 |a монокристаллы 
610 1 |a ударная вязкость 
610 1 |a физические процессы 
610 1 |a фрактография 
610 1 |a ползучесть 
610 1 |a длительная прочность 
610 1 |a библиографические указатели 
675 |a 669:539.37(01)  |v 4 
686 |a Я19:53я2  |v LBC/SL-A  |2 rubbk 
801 0 |a RU  |b 63413507  |c 19950704  |g psbo 
801 1 |a RU  |b 63413507  |c 20060413  |g PSBO 
801 2 |a RU  |b 63413507  |c 20170817  |g PSBO 
942 |c BK